000 01208nam a2200253Ia 4500
003 Ost
005 20260416102350.0
008 260416s9999||||xx |||||||||||||| ||und||
040 _cfsecg
041 _aara
082 _a658
100 _aحروش، رفيقة
_eمؤلف
245 0 _aتسيير المؤسسة /
_c رفيقة حروش
260 _aالجزائر
_bجامعة الجزائر3: كلية العلوم الإقتصادية، العلوم التجارية وعلوم التسيير
_c2015
300 _a98 ورقة
_bايضاحات
_c30 سم
504 _aمراجع ص.93
520 _aمدخل الى التسيير، تطور الفكر الاداري، عمليات أو وظائف التسيير ، أدارة الجودة الشاملة، اتخاذ القرار في المؤسسة، ثقافة المؤسسة، لوحة القيادة
653 _aاتخاذ القرارات
653 _aادارة الاعمال
653 _aالتخطيط
653 _aالمؤسسات - تسيير
710 _aجامعة الجزائر3: كلية العلوم الإقتصادية، العلوم التجارية وعلوم التسيير
_eناشر علمي
942 _cHANDOUT
999 _c40984
_d40984